000 nam a22 7a 4500
999 _c7677
_d7677
008 170928b xxu||||| |||| 00| 0 eng d
100 _94168
_aMittal.R.S.etal.
245 _aLab Manual Physics-XI
260 _aNew Delhi
_bArya
_c2009